| 000 | 01107nam0a22002651 4500 | ||
|---|---|---|---|
| 001 | rc\3543578 | ||
| 005 | 20250610034159.0 | ||
| 021 |
_aRU _b[72-95096] |
||
| 035 | _a(NLR Aleph) 007671193 | ||
| 090 |
_a6436000 _c6436000 |
||
| 100 | _a20130115d1972 |||y0rusy50 ca | ||
| 101 | 0 | _arus | |
| 102 | _aRU | ||
| 105 | _ay z ||||| | ||
| 200 | 1 |
_aВопросы планирования и учета _e[Сборник статей] _f[Под ред. проф. П.В. Мезенцева |
|
| 210 |
_aЛенинград] _cБ. и. _d1972 |
||
| 215 |
_a204 с. _cграф. _d19 |
||
| 225 | 1 |
_aМинистерство торговли РСФСР. Ленинградский институт советской торговли имени Ф. Энгельса. Сборник научных трудов _v[Вып. 42] |
|
| 606 |
_aТорговые предприятия _xЭкономика _jСборники _2psbo |
||
| 702 | 1 |
_aМезенцев _bП.В. _gПавел Венедиктович _4340 |
|
| 801 | 0 |
_aRU _bNLR _gpsbo |
|
| 801 | 1 |
_aRU _bELAR _2rusmarc |
|
| 852 |
_aNLR _jП23/2228 |
||
| 942 | _cBOOK | ||
| 980 | _aNB | ||